Annual Review 2024 (Record no. 122167)
[ view plain ]
| 000 -LEADER | |
|---|---|
| fixed length control field | 01274nad a22002295a 4500 |
| 008 - FIXED-LENGTH DATA ELEMENTS--GENERAL INFORMATION | |
| fixed length control field | 250529s2025 xxk fo 000 0 eng d |
| 041 0# - LANGUAGE CODE | |
| Language code of text/sound track or separate title | eng |
| 110 2# - MAIN ENTRY--CORPORATE NAME | |
| Corporate name or jurisdiction name as entry element | Royal Institution of Chartered Surveyors |
| 9 (RLIN) | 4900 |
| 245 00 - TITLE STATEMENT | |
| Title | Annual Review 2024 |
| Remainder of title | Year ended 31 December 2024 |
| 246 ## - VARYING FORM OF TITLE | |
| Title proper/short title | Annual Report 2024 |
| 260 ## - PUBLICATION, DISTRIBUTION, ETC. | |
| Place of publication, distribution, etc. | London |
| Name of publisher, distributor, etc. | RICS |
| Date of publication, distribution, etc. | 2025 |
| 300 ## - PHYSICAL DESCRIPTION | |
| Extent | 77p. |
| 490 #0 - SERIES STATEMENT | |
| Series statement | RICS Annual Report |
| 520 ## - SUMMARY, ETC. | |
| Summary, etc. | The Annual review covers the 12-month period from 1 January to 31 December 2024. A year of transformation for RICS. Information on how the RICS are shaping an experience-led, member-centric organisation, driving positive change that impacts our profession, our industry, and the wider public. |
| 650 24 - SUBJECT ADDED ENTRY--TOPICAL TERM | |
| Topical term or geographic name entry element | RICS ANNUAL REVIEW AND FINANCIAL STATEMENTS |
| 651 #4 - SUBJECT ADDED ENTRY--GEOGRAPHIC NAME | |
| Geographic name | International |
| 690 ## - LOCAL SUBJECT ADDED ENTRY--TOPICAL TERM (OCLC, RLIN) | |
| Topical term or geographic name as entry element | Business and management |
| 856 ## - ELECTRONIC LOCATION AND ACCESS | |
| Uniform Resource Identifier | <a href="https://www.rics.org/content/dam/ricsglobal/documents/about-rics/annual-review/Annual-review-2024.pdf">https://www.rics.org/content/dam/ricsglobal/documents/about-rics/annual-review/Annual-review-2024.pdf</a> |
| Public note | Annual review 2024 |
| 856 ## - ELECTRONIC LOCATION AND ACCESS | |
| Uniform Resource Identifier | <a href="https://www.rics.org/content/dam/ricsglobal/documents/about-rics/annual-review/SRB-annual-report-2024.pdf">https://www.rics.org/content/dam/ricsglobal/documents/about-rics/annual-review/SRB-annual-report-2024.pdf</a> |
| Public note | SRB Annual report 2024 |
| 856 ## - ELECTRONIC LOCATION AND ACCESS | |
| Uniform Resource Identifier | <a href="https://www.rics.org/content/dam/ricsglobal/documents/about-rics/annual-review/Remuneration-report-2024.pdf">https://www.rics.org/content/dam/ricsglobal/documents/about-rics/annual-review/Remuneration-report-2024.pdf</a> |
| Public note | Remuneration report |
| 942 ## - ADDED ENTRY ELEMENTS (KOHA) | |
| Suppress in OPAC | 0 |
| Source of classification or shelving scheme | Dewey Decimal Classification |
| Withdrawn status | Lost status | Damaged status | Not for loan | Home library | Current library | Shelving location | Date acquired | Total Checkouts | Date last seen | Price effective from | Koha item type |
|---|---|---|---|---|---|---|---|---|---|---|---|
| Virtual | Virtual | Online | 29/05/2025 | 29/05/2025 | 29/05/2025 | Online material |